Relaciones entre la autoridad i el ciudadano en época de epidemia: Aclaraciones de la Lei i Ordenanza de salubridad

Uloženo v:
Podrobná bibliografie
Hlavní autor: Larraín Zañartu, José Joaquín (Autor)
Médium: Kniha
Jazyk:španělština
Vydáno: Valparaíso Imprenta i Librería Americana, de Federico T. Lathrop 1887
Vydání:1a. ed
Témata:
Tagy: Přidat tag
Žádné tagy, Buďte první, kdo vytvoří štítek k tomuto záznamu!

MARC

LEADER 00000nam a2200000 a 4500
001 UCJ5225
003 CL-VaPUC
008 070124e18870000CL |||||||||||||||||spa|d
082 0 4 |a 983  |b LAR  |2 21 
100 |a Larraín Zañartu, José Joaquín  |e author  |9 537220 
245 1 0 |a Relaciones entre la autoridad i el ciudadano en época de epidemia: Aclaraciones de la Lei i Ordenanza de salubridad 
250 |a 1a. ed 
300 |a 1164 p 
942 |c BK 
945 |d 20070124 00:00:00  |a rinostro 
260 |a Valparaíso  |b Imprenta i Librería Americana, de Federico T. Lathrop  |c 1887 
500 |a Ex libris de Julio Zenteno Barros. Empastado junto a otras monografías en un volumen rotulado Opúsculos Jurídicos, I; ubicación 983 LAR 
600 0 7 |a ZENTENO BARROS, JULIO  |2 CL-VaPUC  |9 510146 
650 7 |a LEGISLACION  |2 CL-VaPUC  |9 510147 
650 7 |a SALUBRIDAD  |2 CL-VaPUC  |9 459475 
650 7 |a PESTES  |2 CL-VaPUC  |9 447357 
650 7 |a DOCUMENTOS  |2 CL-VaPUC  |9 366450 
650 7 |a EX LIBRIS  |2 CL-VaPUC  |9 505186 
650 0 |a Historia de Chile  |9 265473 
583 |a last modification  |c 20070124 00:00:00  |k Rodrigo Vera 
999 |c 321338  |d 321336 
952 |0 0  |1 0  |4 0  |6 983_000000000000000_LAR_1887  |7 0  |8 X  |9 400053  |a FDOBUD  |b FDOBUD  |d 2019-11-22  |i 1031511  |o 983 LAR 1887  |p 1031511  |r 2019-11-22  |w 2019-11-22  |y BK_X  |k BUD